Normal view MARC view

Entry Personal Name

Number of records used in: 2

001 - CONTROL NUMBER

  • control field: 249

003 - CONTROL NUMBER IDENTIFIER

  • control field: csc

005 - DATE AND TIME OF LATEST TRANSACTION

  • control field: 20140507162049.0

008 - FIXED-LENGTH DATA ELEMENTS

  • fixed length control field: 110204|||a|||||| | ||| d

040 ## - CATALOGING SOURCE

  • Original cataloging agency: csc
  • Transcribing agency: csc

100 ## - HEADING--PERSONAL NAME

  • Personal name: Rago, Stephen A.

670 ## - SOURCE DATA FOUND

  • Source citation: Work cat.: (csc)125: Stevens, W. Richard. 424, Advanced programming in the Unix environment /, 2005.